Các trường đại học Việt Nam có chất lượng - Statistics

General Stats
  • This quiz has been taken 26 times
  • The average score is 20 of 49
Answer Stats
Điểm Trường ĐH hoặc học viện % Correct
64,1 Trường ĐH Bách khoa Hà Nội
100%
85,3 Đại học Quốc gia Hà Nội
82%
67,8 Đại học Quốc gia TP Hồ Chí Minh
82%
36,6 Trường ĐH Hà Nội
82%
39,6 Trường ĐH Dược Hà Nội
76%
47,3 Trường ĐH Ngoại thương
76%
43,3 Trường ĐH Kinh tế Quốc dân
71%
24,4 Trường ĐH Luật Hà Nội
71%
41,3 Trường ĐH Luật TP Hồ Chí Minh
71%
35,8 Trường ĐH Sư phạm TP Hồ Chí Minh
65%
68,7 Đại học Đà Nẵng
59%
62,2 Đại học Huế
59%
36,0 Học viện Tài chính
59%
64,6 Trường ĐH Cần Thơ
59%
72,0 Trường ĐH Tôn Đức Thắng
59%
39,7 Trường ĐH Kiến trúc Hà Nội
53%
41,4 Trường ĐH Kiến trúc TP Hồ Chí Minh
53%
43,4 Trường ĐH Thương mại
53%
50,4 Trường ĐH Vinh
53%
51,2 Trường ĐH Y Hà Nội
53%
54,2 Đại học Thái Nguyên
47%
29,7 Học viện Báo chí và Tuyên truyền
47%
24,2 Học viện Ngân hàng
47%
50,2 Trường ĐH Công nghiệp Hà Nội
47%
46,1 Trường ĐH Công nghiệp TPHCM
47%
26,3 Học viện Ngoại giao
41%
70,6 Học viện Nông nghiệp
41%
45,7 Trường ĐH Giao thông Vận tải Hà Nội
41%
52,9 Trường ĐH Xây dựng
41%
45,1 Trường ĐH Hàng hải
29%
37,3 Trường ĐH Hoa Sen
29%
57,8 Trường ĐH Mỏ - Địa chất
29%
61,1 Trường ĐH Duy Tân
24%
27,4 Trường ĐH Y - Dược Thái Bình
24%
45,9 Trường ĐH Đà Lạt
18%
35,5 Trường ĐH Tài nguyên và Môi trường Hà Nội
18%
39,5 Trường ĐH Tài nguyên và Môi trường TPHCM
18%
56,4 Trường ĐH Thuỷ lợi
18%
23,7 Trường ĐH Văn hoá
18%
53,3 Trường ĐH Y - Dược TPHCM
18%
56,4 Trường ĐH Lâm nghiệp
12%
44,1 Học viện Công nghệ Bưu chính Viễn thông
6%
59,6 Trường ĐH Quy Nhơn
6%
40,6 Trường ĐH Tây Nguyên
6%
23,2 Trường ĐH Y - Dược Hải Phòng
6%
60,4 Trường ĐH Sư phạm Hà Nội
0%
56,9 Trường ĐH Sư phạm Hà Nội 2
0%
39,0 Trường ĐH Sư phạm Kỹ thuật Hưng Yên
0%
56,7 Trường ĐH Sư phạm Kỹ thuật TP HCM
0%
No matching quizzes found
Score Distribution
Percent of People with Each Score
Percentile by Number Answered
Your Score History
You have not taken this quiz